Rinata : diari e taccuini 1947-1963 /

Guardat en:
Dades bibliogràfiques
Autor principal: Sontag, Susan
Altres autors: Dilonardo, Paolo, Rieff, David
Format: Llibre
Idioma:italià
Publicat: Milano : Nottetempo, 2018
Col·lecció:Nottetempo. Ritratti
Matèries:
Etiquetes: Afegir etiqueta
Sense etiquetes, Sigues el primer a etiquetar aquest registre!

MARC

LEADER 00000nam a2200000 i 4500
001 IT\ICCU\LO1\1722724
003 ItRI
005 20260115232140.0
008 181016s2018 it |||||| ||||| |||||c
015 |2 IT  |a 2018-12863 
020 |a 9788874527298 
020 |a 9791254801338 
040 |b ita  |c importazione bologna sebina 
041 7 |a ita  |2 ISO-639-2 
082 |a 818.5403  |9 SCRITTI MISCELLANEI AMERICANI IN LINGUA INGLESE, 1945-1999. Diari, ricordi, taccuini  |2 23 
100 1 |a Sontag, Susan  |0 IT\ICCU\CFIV\093611 
240 1 0 |a Reborn  |3 IT\ICCU\LO1\1722730  |9 Sontag, Susan 
245 1 0 |a Rinata :  |b diari e taccuini 1947-1963 /  |c Susan Sontag ; a cura di David Rieff ; traduzione di Paolo Dilonardo. 
260 |a Milano :  |b Nottetempo,  |c 2018 
300 |a 358 p. ;  |c 20 cm 
650 7 |a Donne  |x Diari e memorie  |2 scbi 
700 1 |a Dilonardo, Paolo  |0 IT\ICCU\RAVV\092300 
700 1 |a Rieff, David  |0 IT\ICCU\VEAV\036957 
830 0 |a Nottetempo. Ritratti  |0 IT\ICCU\RAV\1199365 
942 |2 ddc  |c BK  |n 0 
952 |0 0  |1 0  |4 0  |6 DOC_818_540000000000000_SON  |7 0  |9 20904  |a BO  |b BO  |d 2026-01-15  |i 19260  |l 0  |o DOC 818.540 SON  |p BO19260  |r 2026-01-15 23:21:40  |w 2026-01-15  |x [Sebina 5] [1 v.]  |y BK  |z 1 v. 
999 |c 17858  |d 17858